[Event "Dortmund Sparkassen op-B 47th"]
[Site "Dortmund"]
[Date "2019.07.16"]
[Round "4"]
[White "Kaluza, Lucas"]
[Black "Westermann, Walter"]
[Result "1-0"]
[WhiteElo "1367"]
[BlackElo "1678"]
[PlyCount "77"]
[EventDate "2019.07.13"]
[EventType "swiss"]
[EventRounds "9"]
[EventCountry "GER"]
[SourceTitle "CBM 192 Extra"]
[Source "Chessbase"]
[SourceDate "2019.11.06"]
[SourceVersion "1"]
[SourceVersionDate "2019.11.06"]
[SourceQuality "1"]

1. e4 e5 2. Bc4 Nf6 3. d3 Be7 4. f4 d5 5. exd5 Bg4 6. Nf3 Nxd5 7. fxe5 Nc6 8. Bb5 Bh4+ 9. g3 Be7 10. 0-0 Qd7 11. c4 Ndb4 12. d4 Qf5 13. d5 0-0-0 14. Nc3 Bc5+ 15. Kh1 Nxe5 16. Nxe5 Bxd1 17. Rxf5 Bc2 18. Rxf7 Nd3 19. Nxd3 Bxd3 20. Bg5 Rdf8 21. Rxf8+ Rxf8 22. Re1 Bg6 23. Be3 Bb4 24. a3 Be7 25. Bxa7 Bg5 26. Be3 Bf6 27. Bc5 Rh8 28. Ne4 Bxb2 29. a4 b6 30. Be7 h5 31. c5 h4 32. gxh4 Rh6 33. Ng5 Rxh4 34. cxb6 Bc3 35. Rc1 Bd2 36. Rxc7+ Kb8 37. d6 Bf4 38. d7 Be4+ 39. Nxe4 1-0

[Event "Dortmund Sparkassen op-B 47th"]
[Site "Dortmund"]
[Date "2019.07.15"]
[Round "3"]
[White "Westermann, Walter"]
[Black "Rathke, Dieter"]
[Result "1-0"]
[WhiteElo "1678"]
[BlackElo "1545"]
[PlyCount "49"]
[EventDate "2019.07.13"]
[EventType "swiss"]
[EventRounds "9"]
[EventCountry "GER"]
[SourceTitle "CBM 192 Extra"]
[Source "Chessbase"]
[SourceDate "2019.11.06"]
[SourceVersion "1"]
[SourceVersionDate "2019.11.06"]
[SourceQuality "1"]

1. e4 c5 2. c3 Nc6 3. d4 cxd4 4. cxd4 d5 5. exd5 Qxd5 6. Nf3 Bg4 7. Be2 e6 8. 0-0 Nf6 9. Nc3 Qa5 10. Bd2 Bxf3 11. Bxf3 Nxd4 12. Bxb7 Rb8 13. Nd5 Qd8 14. Nxf6+ gxf6 15. Be4 f5 16. Bf4 Rxb2 17. Be5 Ne2+ 18. Kh1 Rd2 19. Qa4+ Ke7 20. Qb4+ Rd6 21. Bxh8 fxe4 22. Be5 f6 23. Bxd6+ Qxd6 24. Qb7+ Ke8 25. Qb5+ 1-0

[Event "Dortmund Sparkassen op-B 47th"]
[Site "Dortmund"]
[Date "2019.07.14"]
[Round "2"]
[White "Dordevic, Tom"]
[Black "Westermann, Walter"]
[Result "1-0"]
[WhiteElo "1555"]
[BlackElo "1678"]
[PlyCount "75"]
[EventDate "2019.07.13"]
[EventType "swiss"]
[EventRounds "9"]
[EventCountry "GER"]
[SourceTitle "CBM 192 Extra"]
[Source "Chessbase"]
[SourceDate "2019.11.06"]
[SourceVersion "1"]
[SourceVersionDate "2019.11.06"]
[SourceQuality "1"]

1. e4 e5 2. Nf3 Nf6 3. Nxe5 d6 4. Nf3 Nxe4 5. Nc3 Nxc3 6. dxc3 Be7 7. Bd3 Nc6 8. Be3 Bf6 9. Qd2 0-0 10. 0-0-0 Rb8 11. h4 Bg4 12. Rdg1 Ne7 13. Ng5 Bxg5 14. hxg5 Ng6 15. f3 Be6 16. g4 Qd7 17. Qh2 f5 18. gxf6 Rxf6 19. Qxh7+ Kf7 20. g5 Nf8 21. Qh8 Rxf3 22. Bd4 Ke7 23. Qxg7+ Rf7 24. Bf6+ Ke8 25. Bg6 Nxg6 26. Qxg6 Qa4 27. Rh8+ Kd7 28. Rxb8 Qxa2 29. Kd2 Qd5+ 30. Qd3 Qc5 31. Rd8+ Kc6 32. Bd4 Qd5 33. g6 Rf5 34. b4 b6 35. c4 Qxc4 36. Qxc4+ Bxc4 37. g7 Rf4 38. Kc3 1-0

[Event "Goch op 20th"]
[Site "Goch"]
[Date "2009.10.02"]
[Round "2"]
[White "Coenen, Michael"]
[Black "Westermann, Walter"]
[Result "1-0"]
[WhiteElo "2273"]
[BlackElo "1715"]
[PlyCount "31"]
[EventDate "2009.10.01"]
[EventType "swiss"]
[EventRounds "7"]
[EventCountry "GER"]
[SourceTitle "EXT 2011"]
[Source "ChessBase"]
[SourceDate "2010.11.26"]
[SourceVersion "1"]
[SourceVersionDate "2010.11.26"]
[SourceQuality "1"]

1. e4 c6 2. Nf3 d5 3. Nc3 dxe4 4. Nxe4 Bf5 5. Ng3 Bg6 6. h4 h6 7. Ne5 Bh7 8. Qf3 Nf6 9. Qb3 Nd5 10. Qxb7 Nb6 11. Bc4 Nxc4 12. Nxc6 Qd7 13. Qxa8 Qe6+ 14. Ne2 Nb6 15. Qxb8+ Nc8 16. Nxa7 1-0

[Event "Goch op 20th"]
[Site "Goch"]
[Date "2009.10.01"]
[Round "1"]
[White "Westermann, Walter"]
[Black "Woudsma, Martijn"]
[Result "0-1"]
[WhiteElo "1715"]
[BlackElo "2127"]
[PlyCount "98"]
[EventDate "2009.10.01"]
[EventType "swiss"]
[EventRounds "7"]
[EventCountry "GER"]
[SourceTitle "EXT 2011"]
[Source "ChessBase"]
[SourceDate "2010.11.26"]
[SourceVersion "1"]
[SourceVersionDate "2010.11.26"]
[SourceQuality "1"]

1. e4 Nf6 2. e5 Nd5 3. c4 Nb6 4. d4 d6 5. f4 dxe5 6. fxe5 Nc6 7. Nf3 Bg4 8. Be2 e6 9. 0-0 Bxf3 10. Bxf3 Qxd4+ 11. Qxd4 Nxd4 12. Bxb7 Rb8 13. Be4 Nxc4 14. Nc3 Nxe5 15. Be3 Bc5 16. Kh1 Bb6 17. Na4 Nc4 18. Bf2 Nd2 19. Nxb6 Nxe4 20. Bxd4 cxb6 21. Bxg7 Rg8 22. Be5 Rd8 23. Rae1 f5 24. Bc3 Rd5 25. Kg1 Kd7 26. Rf4 Nxc3 27. bxc3 Rd2 28. Rf2 Rxf2 29. Kxf2 Rc8 30. Re3 Kd6 31. Ke2 Rg8 32. Kf2 Rg7 33. g3 Re7 34. Rf3 Rc7 35. Ke2 Rc5 36. Kd3 Ra5 37. Rf2 Ke5 38. Rf4 Rxa2 39. Rh4 a5 40. Rxh7 a4 41. Rh4 a3 42. Ra4 Rxh2 43. Rxa3 Rg2 44. Kc4 Rxg3 45. Kb5 f4 46. Kxb6 f3 47. Ra8 Ke4 48. c4 f2 49. Rf8 Rf3 0-1

[Event "Duesseldorf Nord Cup 9th GrG"]
[Site "Duesseldorf"]
[Date "2009.08.14"]
[Round "1.3"]
[White "Westermann, Walter"]
[Black "Faktorovich, Ilja"]
[Result "0-1"]
[WhiteElo "1750"]
[BlackElo "1969"]
[PlyCount "58"]
[EventDate "2009.08.14"]
[EventType "tourn"]
[EventRounds "5"]
[EventCountry "GER"]
[SourceTitle "EXT 2017"]
[Source "ChessBase"]
[SourceDate "2016.10.25"]
[SourceVersion "1"]
[SourceVersionDate "2016.10.25"]
[SourceQuality "1"]

1. e4 e5 2. Nf3 Nf6 3. d4 Nxe4 4. Bd3 d5 5. Nxe5 Nd7 6. Nxd7 Bxd7 7. c4 Bb4+ 8. Bd2 Nxd2 9. Nxd2 dxc4 10. Bxc4 Qe7+ 11. Qe2 Qxe2+ 12. Bxe2 0-0-0 13. 0-0-0 Bc6 14. Nf3 Bd5 15. a3 Ba5 16. Ne5 Rhe8 17. Bc4 Rxe5 18. dxe5 Bxc4 19. Kc2 Be2 20. Rxd8+ Kxd8 21. f3 c5 22. Kb3 b5 23. Rc1 c4+ 24. Kc2 Bd3+ 25. Kd1 Bb6 26. a4 b4 27. Kd2 Bd4 28. b3 Bxe5 29. bxc4 Bf4+ 0-1

[Event "Duesseldorf Nord Cup 7th GrC"]
[Site "Duesseldorf"]
[Date "2007.08.11"]
[Round "3"]
[White "Bakshi, Raj"]
[Black "Westermann, Walter"]
[Result "1-0"]
[WhiteElo "1675"]
[BlackElo "1704"]
[PlyCount "73"]
[EventDate "2007.08.10"]
[EventType "tourn"]
[EventRounds "5"]
[EventCountry "GER"]
[SourceTitle "EXT 2017"]
[Source "ChessBase"]
[SourceDate "2016.10.25"]
[SourceVersion "1"]
[SourceVersionDate "2016.10.25"]
[SourceQuality "1"]

1. Nf3 Nf6 2. d4 g6 3. Bg5 Ne4 4. Bh4 Bg7 5. Nbd2 Nf6 6. e4 d6 7. c3 0-0 8. Bxf6 Bxf6 9. h4 e5 10. h5 exd4 11. hxg6 hxg6 12. cxd4 Nc6 13. Nb3 Qe7 14. Bd3 Bg4 15. Qd2 Bg7 16. 0-0-0 a5 17. Qf4 Qd7 18. Qh2 Bh5 19. Rdg1 Qg4 20. Nfd2 Nxd4 21. f3 Qg5 22. g4 Nxf3 23. gxh5 Qh6 24. Qg3 Nxg1 25. Qxg1 gxh5 26. Be2 Qf6 27. Rxh5 a4 28. e5 dxe5 29. Ne4 Qc6+ 30. Nbc5 Ra5 31. Kb1 Qg6 32. Rg5 Qh6 33. Nd7 f5 34. Rg6 Qh4 35. Rxg7+ Kh8 36. Nef6 Rxf6 37. Rg8+ 1-0

[Event "Duesseldorf Nord Cup 7th GrC"]
[Site "Duesseldorf"]
[Date "2007.08.10"]
[Round "1"]
[White "Westermann, Walter"]
[Black "Willim, Karl Heinz"]
[Result "1/2-1/2"]
[WhiteElo "1704"]
[BlackElo "1591"]
[PlyCount "113"]
[EventDate "2007.08.10"]
[EventType "tourn"]
[EventRounds "5"]
[EventCountry "GER"]
[SourceTitle "EXT 2017"]
[Source "ChessBase"]
[SourceDate "2016.10.25"]
[SourceVersion "1"]
[SourceVersionDate "2016.10.25"]
[SourceQuality "1"]

1. e4 e5 2. Nf3 Nc6 3. Bb5 a6 4. Ba4 Bc5 5. c3 Nge7 6. 0-0 0-0 7. d3 h6 8. Qe2 d6 9. h3 Bd7 10. Bb3 Ng6 11. Be3 Nf4 12. Bxf4 exf4 13. d4 Ba7 14. Nbd2 Ne7 15. Nh4 Be6 16. Bc2 Ng6 17. Nf5 Nh4 18. Qh5 Nxf5 19. exf5 Bd7 20. Ne4 d5 21. Nd2 Qg5 22. Qxg5 hxg5 23. Nf3 f6 24. Rfe1 Rae8 25. Bd3 c6 26. Kf1 Rxe1+ 27. Rxe1 Re8 28. g4 fxg3 29. fxg3 Rxe1+ 30. Kxe1 Bb8 31. Kf2 Bd6 32. b4 b5 33. Nd2 Kf8 34. Kf3 Kg8 35. Nb3 Be8 36. Na5 Kf8 37. Kg4 Kg8 38. Nb7 Be7 39. Be2 Kf8 40. h4 gxh4 41. Kxh4 Kg8 42. Bh5 Bd7 43. Bg6 Bc8 44. Na5 Bd7 45. Kg4 Bd6 46. Nb3 Be7 47. Nc1 Bd6 48. Nd3 Be7 49. Nf4 Bd8 50. Ne6 Bxe6 51. fxe6 Kf8 52. Kf5 Bc7 53. Kg4 Ke7 54. Bf5 a5 55. a3 axb4 56. axb4 Bd6 57. Kf3 1/2-1/2

[Event "Duesseldorf-ch"]
[Site "Duesseldorf"]
[Date "2005.10.28"]
[Round "6.7"]
[White "Zickau, Norbert"]
[Black "Westermann, Walter"]
[Result "0-1"]
[WhiteElo "1747"]
[BlackElo "1680"]
[PlyCount "88"]
[EventDate "2005.09.02"]
[EventType "swiss"]
[EventRounds "9"]
[EventCountry "GER"]
[SourceTitle "EXT 2006"]
[Source "ChessBase"]
[SourceDate "2005.11.24"]
[SourceVersion "1"]
[SourceVersionDate "2005.11.24"]
[SourceQuality "1"]

1. e4 c6 2. d4 d5 3. e5 Bf5 4. Bd3 Bxd3 5. Qxd3 Qa5+ 6. Bd2 Qa6 7. Qe3 e6 8. Ne2 Ne7 9. Ng3 Nd7 10. Nc3 0-0-0 11. Nce2 h5 12. h4 g6 13. f4 Kb8 14. 0-0 Nf5 15. Nxf5 gxf5 16. Kh2 Be7 17. Be1 Rdg8 18. a4 Rg4 19. g3 c5 20. c3 Rhg8 21. Bf2 Qb6 22. Rfb1 Qd8 23. Ng1 Nf8 24. Nh3 c4 25. Ng5 Bxg5 26. hxg5 Ng6 27. Rg1 Rh8 28. Kg2 Nxf4+ 29. Qxf4 Rxf4 30. gxf4 Qb6 31. b4 cxb3 32. Rgb1 Rc8 33. Be1 Qa6 34. Rxb3 Qe2+ 35. Kg1 Qe3+ 36. Kf1 Qxf4+ 37. Ke2 Qg4+ 38. Kd2 Qxg5+ 39. Kc2 Qg2+ 40. Kc1 f4 41. Rab1 Rc7 42. R1b2 Qf1 43. Kd1 Qc4 44. a5 f3 0-1

[Event "Duesseldorf-ch"]
[Site "Duesseldorf"]
[Date "2005.10.21"]
[Round "5.3"]
[White "Westermann, Walter"]
[Black "Kappelt, Joerg"]
[Result "0-1"]
[WhiteElo "1680"]
[BlackElo "2180"]
[PlyCount "44"]
[EventDate "2005.09.02"]
[EventType "swiss"]
[EventRounds "9"]
[EventCountry "GER"]
[SourceTitle "EXT 2006"]
[Source "ChessBase"]
[SourceDate "2005.11.24"]
[SourceVersion "1"]
[SourceVersionDate "2005.11.24"]
[SourceQuality "1"]

1. d4 g6 2. e4 Bg7 3. g3 d6 4. Bg2 Nf6 5. Nc3 0-0 6. Nge2 e5 7. 0-0 Nc6 8. dxe5 dxe5 9. Bg5 Qxd1 10. Rfxd1 Nb4 11. Rd2 h6 12. Be3 Na6 13. h3 Re8 14. Rad1 c6 15. Rd8 Be6 16. Rxa8 Rxa8 17. a3 Bf8 18. f4 Nd7 19. Nc1 exf4 20. gxf4 Nb6 21. b3 Bxa3 22. e5 Nb4 0-1

[Event "Duesseldorf-ch"]
[Site "Duesseldorf"]
[Date "2005.09.09"]
[Round "2.6"]
[White "Westermann, Walter"]
[Black "Isdepski, Marcus"]
[Result "0-1"]
[WhiteElo "1680"]
[BlackElo "1794"]
[PlyCount "50"]
[EventDate "2005.09.02"]
[EventType "swiss"]
[EventRounds "9"]
[EventCountry "GER"]
[SourceTitle "EXT 2006"]
[Source "ChessBase"]
[SourceDate "2005.11.24"]
[SourceVersion "1"]
[SourceVersionDate "2005.11.24"]
[SourceQuality "1"]

1. e4 c5 2. c3 Nc6 3. d4 cxd4 4. cxd4 d5 5. e5 Bf5 6. a3 e6 7. Nf3 Qb6 8. Nc3 Nge7 9. Be2 Ng6 10. 0-0 Be7 11. Na4 Qc7 12. Bd2 0-0 13. Rc1 Rac8 14. b4 Qb8 15. Qb3 Be4 16. Ne1 Nxd4 17. Qe3 Nxe2+ 18. Qxe2 Rxc1 19. Bxc1 Qxe5 20. Bb2 Qc7 21. Nc3 Nf4 22. Qe3 Bg6 23. Nb5 Qc4 24. Nxa7 Ne2+ 25. Kh1 Ng3+ 0-1